000 00426nam a2200169Ia 4500
001 22132
003 IN-NITTTR
005 20251114233250.0
008 251113s9999||||xx |||||||||||||| ||eng||
040 _beng
040 _cIN-NITTTR
041 _aeng
082 _a720.1 P93
100 _aFoster, Michael
245 4 _aThe principles of archietecture :
_b style, structure and design. /
_cFoster, Michael
942 _2ddc
_cBK
999 _c24761
_d24761